00401nam a2200157Ia 45000010006000000050017000060080041000230410008000640820016000721000023000882450075001112600009001863000032001956500008002276540008002351364320260306164816.0260306t2001||||xx |||||||||||||| ||spa|| aESP a005.1bS61D aSmith, Jo AnneAUT 0aDesarrollo de proyectos con programación orientada a objetos con C++ c2001 aix, 207 páginas :c26 cm. aGEN aCCC